000 00507nam a2200181Ia 4500
008 100920s9999 xx 000 0 und d
082 _b20207
_a1 थ 05
100 _aSPALDING ELIZABETH H.
245 _aTHE PRINCIPLES OF RHETORIC.
260 _bD.C. HEATH & CO., PUBLISHERS.
_c1905
300 _a275
_bसाधी
365 _b0
520 _aइ.डी.यू.
630 _aTHE PRINCIPLES OF RHETORIC.
650 _aइ.डी.यू.
730 _aTHE PRINCIPLES OF RHETORIC.
942 _cBOOK
999 _c680883
_d680880